000 00978nas a2200277 4500
001 BR9204170
003 BR-BrBNA
005 20231205092710.0
007 ta
008 230509b bl.|||p| |||| 00| 00por d
040 _aBR-BrBNA
_bpor
_cBiblioteca Nacional de Agricultura
041 _a(Pt)
072 _aL53
100 1 _aDrumond, A.M.
100 1 _aPereira, J.C.C.
100 1 _aFonseca, C.G. da
100 1 _aOliveira, H.N. de
245 1 _aEfeito da endogamia sobre a idade ao primeiro parto e o intervalo entre partos em uma populacao de elite da raca Nelore
246 1 _aEffect of inbreeding on age at first calving and calving intervals in a elite herd of Nelore cattle
650 _aGADO DE CORTE
650 _aGADO NELORE
650 _aPARTO
773 0 _tArquivo Brasileiro de Medicina Veterinaria e Zootecnia (Brazil)
_xISSN 0102-0935
_g(Apr 1990), v. 42(2) p. 103-119
_wBR9204170
909 _a202311
_bLúcia
_c55
_dLúcia Elande
942 _2AGRIS
_n0
_cANA
999 _c133498
_d133498